|
|
|
|
| LEADER |
00000cam a2200000 7i4500 |
| 001 |
0000003754 |
| 005 |
20050504.0 |
| 040 |
|
|
|a INS
|
| 090 |
0 |
0 |
|a HD1387.
|b C474 1972
|
| 100 |
1 |
|
|a Clark, Louis E.
|
| 245 |
1 |
0 |
|a Impact of electric power transmission line easements on real estates values
|c Louis E. Clark
|
| 260 |
|
|
|a Chacago, Illinois :
|b American Institute of Real Estate Appraisers of the National Association of Real Estate Boards ,
|c 1972
|
| 300 |
|
|
|a iv, 57p. ;
|c 28 cm.
|
| 650 |
0 |
0 |
|a Electric power systems
|x Valuation
|
| 650 |
0 |
0 |
|a Electric power transmission
|
| 700 |
1 |
|
|a Treadway, F.H
|
| 999 |
|
|
|a 0000001707
|b BOOK
|c Open Shelf
|e Default branch
|